| 000 | 00338nam a22001217a 4500 | ||
|---|---|---|---|
| 020 | _a987-93-90692-57-6 | ||
| 082 | _a630/DEB | ||
| 100 |
_aDeb,Chitta Ranjan & Asosii paul _983889 |
||
| 245 | _aBioresources and sustainable livelihood of rulal india | ||
| 260 |
_aNew dehli _bMittal publication _c2021 |
||
| 650 | _aAgriculture | ||
| 942 | _cBK | ||
| 999 |
_c68894 _d68894 |
||